[Event "FIDE-Wch"]
[Site "NED/INA"]
[Date "1993.??.??"]
[Round "10"]
[White "Karpov, Anatoly"]
[Black "Timman, Jan H"]
[Result "1-0"]
[WhiteElo "2760"]
[BlackElo "2620"]
[Annotator "Ftacnik,L"]
[PlyCount "105"]
[EventDate "1993.09.??"]
[EventType "match"]
[EventRounds "21"]
[EventCountry "NED"]
[SourceTitle "CBM 036"]
[Source "ChessBase"]
[SourceDate "1993.10.01"]
[SourceVersion "1"]
[SourceVersionDate "1993.10.01"]
[SourceQuality "1"]

1. d4 Nf6 2. c4 g6 3. Nc3 d5 4. cxd5 Nxd5 5. e4 Nxc3 6. bxc3 Bg7 7. Be3 c5 8.
Qd2 Qa5 9. Rb1 b6 10. Bb5+ Bd7 11. Be2 O-O (11... Nc6 12. Nf3 Rd8 (12... O-O
13. Rc1 cxd4 (13... Bg4 14. d5 Bxf3 15. gxf3 Rad8 16. f4 e6 17. d6 Qa4 18. f3
Na5 19. h4 h5 20. Kf2 Nc4 21. Bxc4 Qxc4 22. d7 f5 23. Rhg1 Kh7 24. Rcd1 {
Savchenko,S-Tukmakov,V/Bern op (8)/1993/0-1 (69)}) 14. cxd4 Rfc8 (14... Qxd2+
15. Kxd2 e6 16. Bb5 Rac8 17. a4 Rfd8 18. Bg5 f6 19. Be3 Nb8 20. Ke2 Kf7 21. Bf4
a6 22. Bxd7 Nxd7 23. Nd2 Bf8 24. Nc4 {Karpov,An-Gulko,B/Moscow 15'/1992/1-0 
(31)}) 15. Qxa5 Nxa5 16. Kd2 b5 17. Rxc8+ Rxc8 18. Rc1 Nc4+ $6 (18... Rxc1 $14)
19. Bxc4 bxc4 20. Kc3 e6 21. Nd2 (21. Ne5 Bb5 22. Kb4 Rb8 $1 23. Kc3 $10 {
Shipov,S-Dvoirys,S/Groningen op/1992/}) (21. Rb1 Bc6 22. Nd2 Bf8 23. f3 f5 $1 {
 a5, >>b4<=>}) 21... Bb5 22. Rb1 a6 23. e5 f5 24. exf6 {Piskov,Y-Dvoirys,S/
Helsinki/1992/0-1 (35)}) 13. Rc1 cxd4 14. cxd4 Qxd2+ 15. Kxd2 f5 $5 16. exf5 (
16. e5 Nb4 {} 17. Rc7 f4 $1 18. Bxf4 Nd5) 16... gxf5 17. g3 (17. Ng5 $5) 17...
O-O 18. Rhd1 (18. Bc4+ $5 Kh8 19. Ke2 Na5 20. Ba6) 18... Kh8 $1 (18... Nb4 19.
Bc4+ e6 20. a3 Nd5 21. Bxd5 exd5 $16) 19. Ke1 (19. a3 e5 20. dxe5 Nxe5 21. Nxe5
Bxe5 22. Ke1 Ba4 $10) 19... Nb4 20. Rc7 $1 $14 {Karpov,An-Timman,J/Moskva/1992/
1-0 (56)}) 12. Rc1 Bb5 $146 (12... Rd8 13. d5 Qa4 14. Bd3 e6 15. Ne2 exd5 16.
exd5 Bg4 17. Nf4 Bc8 18. O-O Nd7 19. Bc2 Qxa2 20. Nh5 Nf6 21. Nxg7 Rxd5 22. Qe2
Ba6 23. Qf3 Kxg7 24. Rfe1 {Epishin,V-Gurevich,I/New York op (9)/1993/0-1 (46)})
13. d5 Nd7 (13... Bxe2 $6 14. Nxe2 Nd7 15. f4 $16) 14. c4 Qxd2+ 15. Kxd2 Ba4
16. Nh3 (16. Nf3 Nf6 $1 17. Bd3 Ng4 $10) 16... e6 (16... Nf6 17. f3 $14) 17.
Nf4 (17. dxe6 fxe6 18. Bg4 Rae8 19. Ng5 Rf6 20. f4 e5 $13) 17... Rae8 (17...
Rfd8 18. Rb1 Ne5 19. Rhc1 Nc6 20. Ke1 Nb4 $132) 18. f3 (18. dxe6 fxe6 19. Bg4
Rf6 20. Nd3 Bc6 $13) 18... Ne5 19. Rc3 $6 (19. g4 $5 $14) 19... Bd7 20. Ra3
exd5 (20... Ra8 21. Rb1 $36) (20... a5 $2 21. Rb1 Rb8 22. Rab3 $16) 21. exd5 (
21. Nxd5 Nc6 22. Rd1 f5 $132) (21. cxd5 f5 $1 (21... Ra8 22. Rb1 Rfc8 $13) 22.
Rxa7 Ra8 $17) 21... h5 $1 (21... Ra8 22. g4 Rfe8 23. Rb1 $13) 22. Rxa7 Bf5 (
22... Ra8 23. Rxa8 Rxa8 24. Rb1 Rxa2+ 25. Ke1 Ra4 $10) 23. Rd1 (23. Rb7 Ra8 24.
Rxb6 Rxa2+ 25. Kd1 Re8 $40) 23... Ra8 24. Rxa8 (24. Rb7 Rxa2+ 25. Ke1 Re8 $40)
24... Rxa8 25. Ke1 Rxa2 26. d6 Nd7 27. Nd5 Kf8 (27... Bc2 $5 28. Rc1 (28. Rd2
Ra1+ 29. Kf2 Ba4) 28... Be5 29. Bf4 Bxf4 30. Nxf4 Kf8 $15) 28. Bd3 $1 (28. Ne7
Bc2 29. Rd5 Ke8 $15) 28... Bxd3 (28... Rxg2 29. Bxf5 gxf5 30. Nxb6 (30. Rd3
Rxh2 $140 31. Ra3 $1 $36) 30... Nxb6 31. d7 Nxd7 32. Rxd7 $10) 29. Rxd3 Be5 (
29... Rxg2 $2 30. Ra3 $1 Be5 31. Ra7 $16) 30. Bh6+ (30. f4 Bxd6 31. Nc3 (31.
Nxb6 Nxb6 32. Rxd6 Nxc4 $17) (31. Nf6 Nxf6 32. Rxd6 Ng4 $17) 31... Ra1+ 32. Ke2
Ke7 33. Nd5+ Ke6 $17) 30... Kg8 (30... Ke8 31. Re3) 31. Ne7+ Kh7 32. Bd2 Bxh2
$6 (32... Ra4) (32... b5 $5 33. cxb5 c4 34. Rd5 c3 35. Be3 c2 36. Kd2 $16) 33.
f4 Bg1 $6 (33... Rc2 $5 34. g3 (34. Ra3 Rxc4 35. Ra7 Re4+ 36. Kd1 Rd4 $17)
34... Rxc4 35. Kf2 h4 36. gxh4 Bxf4 37. Rf3 Bxd2 (37... Ne5 38. Rxf4 Nd3+ 39.
Kf3 Nxf4 40. Bxf4 $16) 38. Rxf7+ Kh6 39. Ng8+ Kh5 40. Rxd7 $17) (33... Kg7) 34.
Nc6 Kg8 (34... Rc2 35. Ra3 Rxc4 36. Ra7 $16) 35. Ne5 Ra7 (35... Nxe5 $2 36.
fxe5 Bd4 37. d7 Ra8 38. Bg5 $18) 36. Nc6 Ra1+ $6 (36... Ra4 37. Ne5) 37. Ke2
Kf8 $6 38. f5 $1 (38. Ne5 Ke8 $17) 38... gxf5 (38... Ra4 39. fxg6 fxg6 40. Rf3+
Ke8 41. Rf4 $36) 39. Rh3 $6 (39. Rf3 Ra4 (39... f6 40. Rxf5 Kf7 41. Rxh5 Ke6
42. Bf4 $36) 40. Rxf5 Rxc4 41. Rxh5 Rg4 $17) (39. Rg3 $1 f6 (39... Nf6 40. d7
$1 Nxd7 41. Bh6+ Ke8 42. Rg8+ $18) (39... Ra2 40. Kd1 Nf6 41. d7 Rxd2+ 42. Kxd2
Nxd7 43. Rf3 $16) 40. Bh6+ Ke8 (40... Kf7 $2 41. Nd8+ Ke8 42. Rg8+) 41. Rg7
Ra2+ 42. Kf3 (42. Kd3 Ra3+ 43. Kc2 Ra2+ 44. Kb3 Re2) 42... Ra3+ 43. Kf4 Re3 44.
Kxf5 Re2 45. Rg8+ Kf7 46. Rd8 Rf2+ 47. Bf4 Ne5 48. Nxe5+ fxe5 49. Kxe5 Re2+ 50.
Kf5 $18) 39... Bd4 (39... Ra4 40. Rxh5 Rxc4 41. Rh8+ Kg7 42. Rd8 Nf6 43. d7 $16
) 40. Rxh5 (40. Nxd4 cxd4 41. Rxh5 Nc5 (41... Ne5 42. Rxf5 d3+ 43. Kf2 $1 Nxc4
$140 44. d7 Ra8 45. Bg5 $18) 42. Rxf5 Ke8) 40... Bf6 $6 (40... Ra2 $5 41. Nxd4
cxd4 42. Rh8+ Kg7 43. Rd8 Nc5 44. d7 Kf6 $1) 41. Rxf5 Ra4 42. Kd3 Ke8 43. Bg5
$1 (43. Rf1 Ne5+ $1) 43... Ba1 $2 (43... Bxg5 44. Rxg5 Nf6 (44... Nf8 $5 45.
Rg8 Kd7 46. Nb8+ Kxd6 47. Rxf8 Kc7) 45. Ne5 b5 46. Rf5 Nd7 $1 $14) 44. Be7 (44.
Rf1 $5 {/\ Re1}) 44... f6 (44... b5 $5) 45. g4 $1 (45. Rh5 Ne5+ 46. Nxe5 Bxe5
47. Rh8+ Kd7 $13) 45... Ra3+ $6 (45... Ne5+ $2 46. Nxe5 Bxe5 47. g5 $18) (45...
b5 $1) 46. Ke4 Rc3 $2 (46... Rg3 $1) 47. Rh5 Rxc4+ 48. Kf5 b5 $6 (48... Ne5 $2
49. Rh8+ Kf7 (49... Kd7 50. Nb8#) 50. Nd8+ Kg7 51. Bxf6#) (48... Rc1 $16) 49.
Rh8+ Kf7 50. Rd8 Be5 (50... Nb6 51. d7 Nxd7 52. Rxd7 Ke8 53. Rd8+ Kf7 54. Rf8+
Kg7 55. Nd8 $18) (50... Ne5 51. Nxe5+ Bxe5 52. Rf8+ Kg7 53. d7 Rf4+ 54. Ke6 $18
) 51. Nxe5+ Nxe5 52. Rf8+ Kg7 53. g5 $1 1-0

[Event "WchT 3rd"]
[Site "Luzern"]
[Date "1993.??.??"]
[Round "1.4"]
[White "Li, Wenliang"]
[Black "Vakhidov, Tahir"]
[Result "1-0"]
[WhiteElo "2330"]
[BlackElo "2470"]
[Annotator "Ftacnik,L"]
[PlyCount "59"]
[EventDate "1993.10.24"]
[EventType "team-tourn"]
[EventRounds "9"]
[EventCountry "SUI"]
[SourceTitle "CBM 038"]
[Source "ChessBase"]
[SourceDate "1994.02.01"]
[SourceVersion "1"]
[SourceVersionDate "1994.02.01"]
[SourceQuality "1"]
[WhiteTeam "China"]
[BlackTeam "Uzbekistan"]
[WhiteTeamCountry "CHN"]
[BlackTeamCountry "UZB"]

1. d4 Nf6 2. c4 g6 3. Nc3 d5 4. cxd5 Nxd5 5. e4 Nxc3 6. bxc3 Bg7 7. Nf3 O-O 8.
Be2 c5 9. Rb1 Qa5 10. O-O cxd4 11. cxd4 Qxa2 12. Bg5 Re8 13. Bb5 (13. Re1 Nd7
14. Qc1 a6 15. Bc4 Qa5 16. Bd2 Qd8 17. Bxf7+ $1 Kxf7 18. Ng5+ Kg8 19. Ne6 {
1-0/Gladishev-Mansurov/Podolsk/1993/}) 13... Bd7 14. Bxd7 Nxd7 15. Rxb7 Nf6 16.
Bxf6 exf6 17. Qd3 (17. Re1 a5 18. Re2 Qe6 19. Qa4 Rec8 20. d5 Rc1+ 21. Re1
Rxe1+ 22. Nxe1 Qe8 23. Qxe8+ Rxe8 24. d6 Rd8 25. d7 Kf8 26. Ra7 {0,5/Lobron,
E-Gulko,B/Novi Sad olm/1990/}) 17... a5 18. d5 Rad8 $6 (18... a4 19. Nd4 $5 (
19. d6 Qe6 20. d7 Red8 21. Rd1 a3 $132) 19... f5 20. f3 a3 21. Nc6 $16) 19. d6
Qe6 20. d7 Re7 21. Rd1 Bf8 (21... a4 22. Nd4 Qd6 23. Nf5 $1 $18) 22. Qb5 Qa2 (
22... h5) 23. Rc7 Qe6 (23... Rxe4 24. Rc8 Be7 25. Rxd8+ Bxd8 26. Qb8 $18) 24.
h3 h5 25. Rd4 Bh6 26. Rc6 Qa2 27. Rc8 Qa1+ 28. Qf1 Qxf1+ 29. Kxf1 Rexd7 30.
Rxd8+ 1-0

[Event "RUS-ch"]
[Site "Elista"]
[Date "1995.??.??"]
[Round "11"]
[White "Ivanov, Sergey"]
[Black "Dvoirys, Semen I"]
[Result "1/2-1/2"]
[WhiteElo "2545"]
[BlackElo "2580"]
[Annotator "Ftacnik,L"]
[PlyCount "82"]
[EventDate "1995.10.??"]
[EventType "swiss"]
[EventRounds "11"]
[EventCountry "RUS"]
[SourceTitle "CBM 050"]
[Source "ChessBase"]
[SourceDate "1996.02.01"]
[SourceVersion "1"]
[SourceVersionDate "1996.02.01"]
[SourceQuality "1"]

1. d4 Nf6 2. c4 g6 3. Nc3 d5 4. cxd5 Nxd5 5. e4 Nxc3 6. bxc3 Bg7 7. Nf3 c5 8.
Rb1 O-O 9. Be2 b6 10. O-O Bb7 11. Qd3 e6 12. Bg5 (12. Bf4 cxd4 13. cxd4 Nc6 14.
Rfd1 Nxd4 15. Nxd4 e5 16. Be3 exd4 17. Bxd4 Bxd4 18. Qxd4 Qxd4 19. Rxd4 Rfd8
20. Rbd1 Rxd4 21. Rxd4 Kf8 {Gretarsson,H-Dvoirys,S/Leeuwarden op (08)/1995/0-1
(47)}) 12... Qc7 (12... Qd6 13. Qe3 Rc8 (13... cxd4 14. cxd4 Nc6 15. Rfd1 Rfc8
16. Bh6 (16. d5 exd5 17. exd5 Ne5 18. Nxe5 Bxe5 19. f4 Bf6 20. Bxf6 Qxf6 21. d6
Re8 22. Qd2 Bc6 23. Bb5 Bxb5 24. Rxb5 Rad8 25. d7 Re4 {Bonin,J-Stone,R/New
York Manhattan/1989/1/2-1/2 (37)}) 16... Rd8 17. Bxg7 Kxg7 18. h4 h5 19. Rb5
Na5 20. Rg5 Qc6 21. d5 exd5 22. Nd4 Qa4 23. e5 Nc6 24. Rxh5 gxh5 25. Nf5+ Kf8
26. Qh6+ Ke8 27. e6 {1-0 Chuchelov,V-Stone,R/Hamburg Wichern op (08)/1993/})
14. Rfd1 cxd4 15. cxd4 Nd7 16. Rd2 Qf8 17. Rdb2 h6 18. Bf4 g5 19. Bg3 f5 20.
exf5 exf5 21. Be5 f4 22. Qd3 Nxe5 23. Nxe5 Qd6 24. Rb5 Bd5 25. Rxd5 Qxd5 26.
Bd1 Qd6 27. Bb3+ Kf8 28. Qf5+ Bf6 29. Qh7 {1-0/Fyllingen,R-Ostenstad,B/NOR-ch 
(07)/1995/}) 13. Qe3 Rc8 14. Rfd1 cxd4 15. cxd4 Nd7 16. d5 $1 {White has
potentially free P on the d line and black always has to take this into
account. This game proves once again, that supported with many pieces the pawn
is stronger when pushed as far as possible.} exd5 17. exd5 Qc5 (17... Re8 18.
Qd2 Rac8 19. d6 $14) 18. d6 Qxe3 19. Bxe3 Rc2 20. Bd3 Rc3 (20... Rxa2 $5 21.
Bc4 Ra3 22. Ng5 Ne5 23. d7 (23. Bb3 h6 24. f4 hxg5 25. fxe5 Bxe5 26. Bxg5 Be4
27. Bd5 Bxd5 28. Rxd5 Ra5 29. Rbd1 f6 $17) 23... Bf6 (23... Rd8 24. Nxf7 Nxf7
25. Bg5 Bd5 26. Rxd5 Nxg5 27. Rd3+ Kf8 28. Rxa3 Rxd7 $14) 24. Bd5 Bxd5 25. Rxd5
Rd8 $17) 21. Bb5 Rd8 (21... Bxf3 22. gxf3 Rd8 23. Rbc1 Nc5 24. Rxc3 Bxc3 25. d7
$14) 22. Rbc1 Nc5 23. Bxc5 (23. Rxc3 Bxc3 24. d7 a6) 23... bxc5 24. d7 {
The P on the &th rank is often worth a light piece!} a6 25. Ba4 Rxc1 (25...
Bxf3 26. gxf3 f5 27. Rxc3 Bxc3 28. Rd6 $14) 26. Rxc1 Bd5 27. Ng5 (27. Rxc5 Bxa2
28. Rc8 Bf6 29. Rc6 Be6 30. Rxa6 Bxd7 31. Rxf6 Bxa4 32. h3 $10) 27... c4 28.
Re1 (28. Rd1 Bb7) 28... Bf6 29. Ne4 Be7 (29... Bxe4 30. Rxe4 c3 31. Rb4 Kg7 32.
Kf1 $14) 30. Nc5 $1 Kf8 (30... Bxc5 31. Re8+ $18) 31. Rd1 (31. Nxa6 Be6 32. Rd1
c3 $10) 31... Ba8 32. Nxa6 c3 33. f3 (33. Rc1 Bb7 34. Nc7 Bf6 35. Ne8 Be5 $14)
33... Bb7 34. Nc7 Bc5+ 35. Kf1 (35. Kh1 Be3 (35... Bb6 36. Rb1 c2 37. Bxc2 Rxd7
38. Ne6+ fxe6 39. Rxb6 Rc7 40. Rb2 $16) 36. Re1 c2 37. Bxc2 Rxd7 38. Rxe3 Rxc7
39. Re2 Bd5 $14) 35... Bb6 36. Nd5 (36. Rb1 Bxc7 37. Rxb7 Bxh2 $14) 36... Ba6+
37. Ke1 Ba5 38. Rc1 (38. Kf2 Bc4 39. a3 c2 40. Bxc2 Rxd7 $14) 38... Bc4 39.
Nxc3 (39. Nf6 Bxa2 40. Nxh7+ Ke7 $10) 39... Bxa2 40. Ke2 Be6 41. Ne4 (41. Nd5
Bxd7 (41... Bxd5 42. Rc5 Be6 43. Rxa5 Bxd7 $10)) 41... Bxd7 1/2-1/2

[Event "Dortmunder Schachtage-A 18th"]
[Site "Dortmund"]
[Date "1990.04.12"]
[Round "7"]
[White "Gelfand, Boris"]
[Black "Kindermann, Stefan"]
[Result "1-0"]
[WhiteElo "2615"]
[BlackElo "2560"]
[Annotator "Ftacnik,L"]
[PlyCount "75"]
[EventDate "1990.04.05"]
[EventType "tourn"]
[EventRounds "11"]
[EventCountry "GER"]
[EventCategory "13"]
[SourceTitle "CBM 018"]
[Source "ChessBase"]
[SourceDate "1990.10.01"]
[SourceVersion "1"]
[SourceVersionDate "1990.10.01"]
[SourceQuality "1"]

1. d4 Nf6 2. c4 g6 3. Nc3 d5 4. cxd5 Nxd5 5. e4 Nxc3 6. bxc3 Bg7 7. Nf3 c5 8.
Rb1 O-O 9. Be2 cxd4 10. cxd4 Qa5+ 11. Bd2 Qxa2 12. O-O Qe6 13. Qc2 Qd6 $6 14.
Bb4 $1 {N} (14. d5 b6 15. Bb4 Qd8 16. Rfd1 Na6 17. Ba3 Nc5 {Gelfand,
B-Kindermann,S/Debrecen/1989/  ->CBM 09}) 14... Qd8 15. d5 Bg4 16. Rfc1 Na6 (
16... Nd7 17. Qc7 {x b7, e7}) 17. Ba3 Bxf3 18. gxf3 Qd7 19. Bxa6 bxa6 20. Qc7
Qh3 21. Qg3 Qxg3+ 22. hxg3 Rfe8 23. Rb7 Bf8 24. Rcc7 $18 Rab8 25. Rxb8 Rxb8 26.
Bxe7 Bxe7 27. Rxe7 Ra8 28. Rc7 a5 29. Rc5 a4 30. Ra5 Kf8 31. e5 Ke7 32. f4 h5
33. Kg2 a3 34. Kf3 a2 35. Ke4 a1=Q 36. Rxa1 a5 37. Ra4 Ra7 38. f5 $1 {Ftacnik,L
} 1-0

[Event "Toronto1"]
[Site "Toronto"]
[Date "1990.??.??"]
[Round "5"]
[White "Hebert, Jean"]
[Black "Kozul, Zdenko"]
[Result "0-1"]
[WhiteElo "2405"]
[BlackElo "2575"]
[Annotator "Ftacnik,L"]
[PlyCount "104"]
[EventDate "1990.04.??"]
[EventType "tourn"]
[EventRounds "11"]
[EventCountry "CAN"]
[EventCategory "9"]
[SourceTitle "CBM 020"]
[Source "ChessBase"]
[SourceDate "1991.02.01"]
[SourceVersion "1"]
[SourceVersionDate "1991.02.01"]
[SourceQuality "1"]

1. d4 Nf6 2. c4 g6 3. Nc3 d5 4. cxd5 Nxd5 5. e4 Nxc3 6. bxc3 Bg7 7. Nf3 c5 8.
Rb1 O-O 9. Be2 cxd4 10. cxd4 Qa5+ 11. Bd2 Qxa2 12. O-O a5 $5 {N} 13. Bg5 (13.
d5 $6 a4 14. Bb4 a3 15. Bxe7 Re8 16. d6 Nc6 17. Bg5 Rxe4 18. Bd3 Re6 $1 $17)
13... a4 14. Bb5 (14. Bxe7 Re8 15. Bg5 Rxe4 16. Bd3 Re6 $5) 14... Bd7 $1 15.
Bxd7 Nxd7 16. Rxb7 Qe6 17. d5 (17. Re1 a3 18. Rb1 a2 19. Ra1 Rfb8 $17) 17...
Qxe4 $6 (17... Qd6 $1 18. e5 $8 Bxe5 (18... Nxe5 19. Bxe7 Qa6 20. Bxf8 Qxb7 21.
Bxg7 Nxf3+ 22. gxf3 $5 Kxg7 23. Qd4+ $10) 19. Rxd7 Qxd7 20. Nxe5 Qf5 21. Nf3 f6
22. Be3 Rfd8 $17) 18. Rxd7 a3 19. Rxe7 Qb4 (19... Qf5 20. Be3 a2 21. Nd4 Qxd5
22. Qa1 Rfd8 23. Rd1 Ra4 24. g3 $1 Bxd4 25. Bxd4 Rxd4 26. Rxd4 Qxd4 27. Qxa2
$10) 20. Ree1 $1 a2 21. Be7 $1 (21. Qd3 Qc3 $1 $19) 21... Qb5 22. Qd2 $2 (22.
Bxf8 a1=Q 23. Qxa1 Rxa1 24. Bxg7 Rxe1 25. Rxe1 Kxg7 26. h4 Qxd5 27. Re3 $10)
22... Rfc8 23. d6 a1=Q 24. Rxa1 Rxa1 25. Rxa1 Bxa1 26. h3 (26. d7 $2 Qxd7 $1
27. Qxd7 Rc1+) 26... Qd7 27. Qf4 (27. Qa2 Rc1+ 28. Kh2 Qf5 29. Qa8+ Rc8 30.
Qxa1 Qf4+ 31. g3 Qxf3 $17) 27... Qe6 28. Qd2 Bc3 29. Qf4 Bg7 30. Kh2 Ra8 31.
Qb4 Qd5 32. Qg4 Bf8 33. Qh4 Re8 34. Ng5 h6 35. Ne4 Qe5+ 36. g3 Bxe7 37. dxe7
Rxe7 38. Nf6+ Kg7 39. Ng4 Qg5 40. Qxg5 hxg5 41. Ne3 Ra7 42. Kg2 f5 43. Kf3 Kf6
44. Kg2 Ke5 45. Kf3 Ra3 46. Kg2 Rc3 47. Nf1 Rd3 48. Nh2 Ke4 49. Nf1 f4 50. g4
f3+ 51. Kg3 Rd1 52. Ne3 Re1 {Ftacnik, L} 0-1

[Event "Hoogovens"]
[Site "Wijk aan Zee"]
[Date "1997.01.30"]
[Round "10"]
[White "Lautier, Joel"]
[Black "Illescas Cordoba, Miguel"]
[Result "1/2-1/2"]
[WhiteElo "2630"]
[BlackElo "2635"]
[Annotator "Ftacnik,L"]
[PlyCount "45"]
[EventDate "1997.01.18"]
[EventType "tourn"]
[EventRounds "13"]
[EventCountry "NED"]
[EventCategory "16"]
[SourceTitle "CBM 057"]
[Source "ChessBase"]
[SourceDate "1997.04.01"]
[SourceVersion "1"]
[SourceVersionDate "1997.04.01"]
[SourceQuality "1"]

1. d4 {Avrukh,B} Nf6 2. c4 g6 3. Nc3 d5 4. cxd5 Nxd5 5. e4 Nxc3 6. bxc3 Bg7 7.
Nf3 c5 8. Rb1 O-O 9. Be2 cxd4 10. cxd4 Qa5+ 11. Bd2 Qxa2 12. O-O Bg4 13. Bg5 h6
14. Be3 Nc6 15. d5 Ne5 16. Rxb7 e6 17. d6 Rfd8 18. Re1 Bxf3 19. gxf3 Qa5 $1 {
Balck is solving opening problems with the help of the unprotected position of
Re1. Schwarz will seine Eröffnungsprobleme mit Hilfe des ungedeckten Re1 lösen.
} (19... Qa3 20. f4 $1 (20. d7 Qe7 21. Bb5 Qh4 22. Bf1 {1/2-1/2/Gelfand,
B-Ivanchuk,V/Manila izt (07)/1990/}) 20... Rxd6 21. Qc1 $3 $146 (21. Qc2 Rc6 (
21... Nc6 22. Bc5 Qa5 23. Bxd6 Qxe1+ 24. Kg2 Rd8 25. e5 $13) 22. Qd2 (22. Qb1
$5 Nc4 23. Rxf7 Qa5 24. Rd1 Kxf7 25. Qb7+ Rc7 26. Qxa8 Nxe3 27. fxe3 Qc5 $15)
22... Rd6 (22... Qa6 23. Reb1 Nc4 24. Qd7 $14) 23. Rb3 Qxb3 (23... Rxd2 24.
Rxa3 Rxe2 25. Rxe2 Nf3+ 26. Kg2 Nd4 27. Rd2 $16) 24. Qxd6 Nc4 (24... Qc2 25.
fxe5 Qxe4 26. Qd4 $16) 25. Qc6 Nxe3 26. Qxa8+ Kh7 $10 {1/2-1/2 Solozhenkin,
E-Daniliuk,S/RUS-ch Elista (11)/1995/ (29)}) 21... Qxc1 22. Rxc1 Nc6 $8 (22...
Rd7 23. Rb3 $18) 23. e5 Nd4 (23... Na5 24. exd6 Nxb7 25. Bf3 Rd8 26. Bxb7 $18)
24. Rcc7 $3 (24. exd6 $2 Nxe2+ 25. Kf1 Nxc1 26. Bxc1 Bf6) (24. Bf1 Rc6 $1 25.
Rd1 Nf5 26. Rdd7 Rf8 $10) 24... Nxe2+ 25. Kf1 Rdd8 26. Rxf7 {1-0 Gelfand,
B-Kamsky,G/Dos Hermanas (07)/1996/ (46)}) 20. Bd2 (20. d7 $2 Rxd7 21. Rxd7 Nxd7
$17) (20. Rf1 Bf8 (20... Qa3 21. f4 $1 Rxd6 22. Qc1) (20... g5 {Avrukh,B} 21.
f4 gxf4 (21... Ng6 $2 22. f5 $1 exf5 23. Qb3 Ne5 24. Rb5 $18) 22. Bxf4 Rab8 (
22... Qa3 23. d7 $16) 23. Rxb8 Rxb8 24. Qc1 $1 $16) (20... Rd7 21. Rxd7 (21.
Rb5 $2 Qd8 22. Bc5 Qh4 $40) 21... Nxd7 22. Qc1 $1 $16) 21. d7 (21. Rb5 Nxf3+
22. Kh1 $18) 21... Qa2 22. Re1 (22. Bb5 a6 23. f4 axb5 24. fxe5 Qa6 25. Rc7 $13
) 22... Qa5 23. Rf1 (23. Bd2 Qc5 $15) 23... Qa2 $10) (20. Rb5 $2 {Avrukh,B}
Nxf3+ $1 $19) 20... Qa2 (20... Qa3 21. Bb4 Qa2) 21. Be3 (21. Bb4 Rab8 (21... a5
{Avrukh,B} 22. Bc5 a4 (22... Rac8 23. Rc7 $1) 23. d7 (23. f4 Nd7 24. Be3 Bc3 $1
$15) 23... a3 24. Be7 Rxd7 25. Rxd7 Nxd7 26. Qxd7 Qb2 (26... Bc3 $2 27. Qc6 $18
) 27. Qc6 Ra7 {And black has more than enough compensation.}) 22. Rxb8 Rxb8 23.
f4 (23. Bc5 Qa5 24. Qc1 $1 (24. Be3 Rd8 $1) 24... Rc8 25. Bb6 Rxc1 26. Bxa5
Rxe1+ (26... Rc2 27. f4 Nc6 28. Bd3 $1 Ra2 29. Bc7 $16) 27. Bxe1 g5 28. Ba5 Bf8
29. Bc7 $18) 23... Nc6 $15 (23... Rxb4 24. fxe5 Qa5 25. d7 Qd8 $13 (25... Rb8
26. f4 g5 $132))) 21... Qa5 22. Bd2 Qa2 23. Be3 1/2-1/2

[Event "USA-ch Gr-B"]
[Site "Denver"]
[Date "1998.11.01"]
[Round "2"]
[White "Browne, Walter Shawn"]
[Black "Yermolinsky, Alex"]
[Result "0-1"]
[WhiteElo "2515"]
[BlackElo "2625"]
[Annotator "Ftacnik,L"]
[PlyCount "120"]
[EventDate "1998.10.31"]
[EventType "tourn"]
[EventRounds "7"]
[EventCountry "USA"]
[EventCategory "13"]
[SourceTitle "CBM 068"]
[Source "ChessBase"]
[SourceDate "1999.02.01"]
[SourceVersion "1"]
[SourceVersionDate "1999.02.01"]
[SourceQuality "1"]

1. d4 {Hecht} Nf6 2. c4 g6 3. Nc3 d5 4. cxd5 Nxd5 5. Na4 Nf6 6. Nf3 (6. f3 Nc6
7. e3 e5 8. Bb5 exd4 9. Bxc6+ bxc6 10. Qxd4 Ba6 11. Ne2 Qxd4 12. Nxd4 c5 13.
Nb3 Nd7 14. Bd2 Bd6 15. Bc3 O-O 16. Nd2 f5 17. Kf2 Rfe8 18. b3 Nb6 19. Rhe1
Nxa4 20. bxa4 Bd3 {1/2-1/2 Tyrtania,M-Lang,J/BL2-N9697 1997/GER-chT2 (32)})
6... Bg7 7. g3 (7. e3 O-O 8. Be2 c6 9. O-O Nbd7 10. Qc2 Nb6 11. Nc5 Qc7 12. Bd2
Re8 13. Rac1 Bg4 14. b4 Rac8 15. Qb3 Bxf3 16. Bxf3 e5 17. dxe5 Rxe5 18. e4 g5
19. Bc3 Ree8 20. g3 {1-0 Tucker,A-Erichsen,D/GBR 1998/EXT 99 (42)}) 7... Nc6 8.
Bf4 (8. Bg2 e5 $1 9. dxe5 Qxd1+ 10. Kxd1 Ng4 $11) 8... Nd5 9. e3 Bf5 (9... h6
$5 10. h4 Nxf4 11. gxf4 $13) 10. Nh4 (10. Nc5 Nxf4 11. gxf4 Qd6 $13) 10... Bd7
11. Nc5 b6 12. Nxd7 Qxd7 (12... Nxf4 13. Nxb6 $1 axb6 14. gxf4 $16) 13. Rc1 Nd8
(13... Nxf4 $2 14. Bb5 $1 $18) 14. Nf3 O-O 15. Qb3 Nxf4 16. gxf4 c5 {Black has
already finished his development so he can afford to fight white unusual pawn
mass with tactics.} 17. Bg2 (17. dxc5 Rc8 $13) 17... Rc8 18. Ne5 Bxe5 (18...
Qf5 19. Qc3 $13) 19. dxe5 Nc6 20. O-O Na5 21. Qc2 (21. Qd5 Qb5 $132) 21... Qe6
22. b3 Rfd8 23. Rfd1 Nc6 24. Qe4 (24. a3 Na5 {xb3}) 24... Nb4 25. Qb1 a5 26. a3
{If white could only set his central pawns into motion black would suffer.} (
26. h3 a4 27. a3 Nc6 28. bxa4 Na5 29. Rxd8+ Rxd8 30. Rd1 $14) 26... Nc6 27. Qc2
a4 $5 28. bxa4 Na5 29. h3 (29. Rxd8+ Rxd8 30. Rd1 Rxd1+ 31. Qxd1 c4 $14) 29...
c4 30. Qc3 (30. Rxd8+ Rxd8 31. Rd1 Rxd1+ 32. Qxd1 c3 $132) 30... Nb3 31. Rxd8+
(31. Rb1 Rxd1+ 32. Rxd1 Nc5 33. a5 $1 (33. Rd5 $2 Nxa4 34. Qb4 c3 $1) 33...
bxa5 34. Qxa5 Nd3 $14) 31... Rxd8 32. Rc2 Na5 33. Rd2 (33. Qb4 Rd3) 33... Rxd2
34. Qxd2 Qc8 35. Qc3 (35. Kf1 $5 c3 36. Qc2 Qc5 37. Ke2 $11) 35... Qd7 36. Bf1
$2 {Browne is uneasy about his position and hopes to find the way out in the
queens endgame.} (36. Qb4 $1 Qc7 37. Qc3 Qd7) (36. Qd4 $2 Qxd4 37. exd4 c3 38.
Be4 Nc4 39. d5 Nxa3 $19) 36... Qxa4 37. Qd4 Qxa3 38. Bxc4 (38. Qxb6 c3 39. Bd3
Nb3 $17) 38... Nxc4 39. Qxc4 {[%mdl 4096] Hecht: '[#] Hier fällt es Schwarz
etwas leichter, den Freibauern voranzubringen, da sein König gut
verbarrikadiert ist.'} Qc5 40. Qa2 (40. Qxc5 bxc5 41. Kf1 Kf8 42. Ke2 Ke8 43.
Kd3 Kd7 44. Kc4 Kc6 $17) 40... b5 41. Qa8+ Kg7 42. Qb7 b4 43. Kg2 h6 44. Kg3 e6
45. Qb8 Qc4 46. Qd8 Qd5 {If Yermolinsky manages to prevent perpetual he can
count on the whole point with his free b pawn.} (46... b3 $2 47. Qf6+ Kg8 48.
Qd8+ Kh7 49. Qe7 $11) 47. Qf6+ Kg8 48. Qe7 b3 49. Qb4 Kg7 50. e4 (50. Qc3 Qb5
51. Qb2 Qd3 52. Qa3 Qb1 $19) 50... Qd3+ 51. Kg2 (51. f3 {Hecht} Qf1 52. Qxb3
Qg1+ 53. Kh4 g5+ 54. Kh5 gxf4 $19) 51... Qc2 52. f5 (52. Qe7 Qxe4+ 53. Kg3 Qd3+
54. f3 b2 55. Qf6+ Kg8 $19) 52... gxf5 53. exf5 exf5 (53... b2 $1 54. f6+ (54.
Qe7 Qxf5 $19) 54... Kh7 55. Qe7 Qg6+ $19) 54. Qd6 b2 55. Qf6+ Kg8 56. Qd8+ Kh7
57. Qf6 Qe4+ 58. f3 (58. Kg3 f4+ 59. Kh2 Qg6 $19) (58. Kh2 {Hecht} Qf4+ 59. Kg2
Qg5+ $19) 58... Qe2+ 59. Kg3 Qe1+ 60. Kf4 (60. Kg2 Qd2+ 61. Kg3 Qg5+ $19) 60...
Qd2+ (60... Qd2+ 61. Kg3 Qg5+ $19) 0-1